| 000 -LEADER |
| fixed length control field |
00947cam a2200301Ia 4500 |
| 020 ## - INTERNATIONAL STANDARD BOOK NUMBER |
| ISBN |
0071461973 |
| 020 ## - INTERNATIONAL STANDARD BOOK NUMBER |
| ISBN |
9780071461979 |
| 040 ## - CATALOGING SOURCE |
| Transcribing agency |
UKM |
| 082 ## - DEWEY DECIMAL CLASSIFICATION NUMBER |
| Classification number |
612 HIL 2006 A107 Or. |
| 245 00 - TITLE STATEMENT |
| Title |
Harper's illustrated biochemistry / |
| 246 13 - VARYING FORM OF TITLE |
| Title proper/short title |
Harper's biochemistry |
| 246 3# - VARYING FORM OF TITLE |
| Title proper/short title |
Illustrated biochemistry |
| 250 ## - EDITION STATEMENT |
| Edition statement |
27th ed |
| 260 ## - PUBLICATION, DISTRIBUTION, ETC. (IMPRINT) |
| Place of publication |
New York : |
| Name of publisher |
Mcgraw-Hill ; |
| Place of publication |
Stamford, Conn. : |
| Name of publisher |
Appleton & Lange ; |
| Place of publication |
London : |
| Name of publisher |
McGraw-Hill [distributor], |
| Year of publication |
c2006 |
| 300 ## - PHYSICAL DESCRIPTION |
| Number of Pages |
x, 692 p. : |
| Other physical details |
ill. ; |
| Dimensions |
24 cm |
| 500 ## - GENERAL NOTE |
| General note |
"Lange medical book." |
| 500 ## - GENERAL NOTE |
| General note |
Previous ed.: published as Harper's biochemistry. New York; London: McGraw-Hill, 2003 |
| 650 #0 - SUBJECT ADDED ENTRY--TOPICAL TERM |
| Topical Term |
Biochemistry |
| 650 #0 - SUBJECT ADDED ENTRY--TOPICAL TERM |
| Topical Term |
Clinical biochemistry |
| 650 #2 - SUBJECT ADDED ENTRY--TOPICAL TERM |
| Topical Term |
Biochemistry |
| 650 #2 - SUBJECT ADDED ENTRY--TOPICAL TERM |
| Topical Term |
Molecular Biology |
| 650 #2 - SUBJECT ADDED ENTRY--TOPICAL TERM |
| Topical Term |
Metabolism |
| 650 #2 - SUBJECT ADDED ENTRY--TOPICAL TERM |
| Topical Term |
Energy Metabolism |
| 700 1# - ADDED ENTRY--PERSONAL NAME |
| Personal name |
Murray, Robert K. |
| 700 1# - ADDED ENTRY--PERSONAL NAME |
| Personal name |
Granner, Daryl K., |
| 700 1# - ADDED ENTRY--PERSONAL NAME |
| Personal name |
Rodwell, Victor W |
| 942 ## - ADDED ENTRY ELEMENTS (KOHA) |
| Koha item type |
សៀវភៅភាសាអង់គ្លេស |
| 952 ## - LOCATION AND ITEM INFORMATION (KOHA) |
| Withdrawn status [LOCAL, KOHA] |
0 |